Investigación científica /
La importancia de la ciencia y la falta de recursos del Estado para fomentar la investigación. El declinante grado de inversión en la Argentina. El Conicet. El éxodo de investigadores.
Guardado en:
| Autor Corporativo: | |
|---|---|
| Formato: | |
| Series: | Encrucijadas 2000
|
| Materias: | |
| Etiquetas: |
Agregar Etiqueta
Sin Etiquetas, Sea el primero en etiquetar este registro!
|
| LEADER | 00880ngm a22002295g 4500 | ||
|---|---|---|---|
| 001 | CEM.cems022489 | ||
| 008 | 130507b2000##################0###0#####d | ||
| 005 | 20241105133520.0 | ||
| 245 | 1 | 0 | |a Investigación científica / |c ATC. |
| 300 | |a 25'. | ||
| 490 | 0 | |a Encrucijadas 2000 | |
| 500 | |a En soporte VHS, consultar en ventanilla. | ||
| 520 | |a La importancia de la ciencia y la falta de recursos del Estado para fomentar la investigación. El declinante grado de inversión en la Argentina. El Conicet. El éxodo de investigadores. | ||
| 538 | |a Soporte: VHS - Norma: Pal N - Color: Si - Grabación DRD 2000 - Hitachi=4635 | ||
| 110 | 2 | |a ATC. | |
| 082 | 3 | 0 | |/ ATC |
| 653 | |a CIENCIA | ||
| 653 | |a INVESTIGACION CIENTIFICA | ||
| 653 | |a CONICET | ||
| 653 | |a NIVEL PRIMARIO | ||
| 653 | |a NIVEL SECUNDARIO | ||
| 859 | |a CEMS |b BIB. CEMS - Depto. Recursos Didacticos |h 301 |i ATC |k DRD |p 1132.12 |t Ej.1 | ||
